Potreba vytvorenia uceleného modelu verejnej správy časté striedanie vlád oddialilo systematický prístup, chýbala odborná diskusia o vízii štátu
Súčasný stav verejnej správy na Slovensku a jeho základné črty. Decentralizácia verejnej správy. Územné a správne usporiadanie SR. Ústredné a územné orgány štátnej správy. Miestna štátna správa. Miestna samospráva.
Gespeichert in:
| Format: | Buchkapitel |
|---|---|
| Sprache: | Slowakisch |
| Schlagworte: | |
| Tags: |
Keine Tags, Fügen Sie das erste Tag hinzu!
|
MARC
| LEADER | 00000naa a2200000 4500 | ||
|---|---|---|---|
| 001 | r036076 | ||
| 005 | 20230824101819.2 | ||
| 041 | 0 | |a slo | |
| 044 | |a SK | ||
| 245 | 1 | 0 | |a Potreba vytvorenia uceleného modelu verejnej správy |b časté striedanie vlád oddialilo systematický prístup, chýbala odborná diskusia o vízii štátu |
| 520 | |a Súčasný stav verejnej správy na Slovensku a jeho základné črty. Decentralizácia verejnej správy. Územné a správne usporiadanie SR. Ústredné a územné orgány štátnej správy. Miestna štátna správa. Miestna samospráva. | ||
| 610 | 2 | 0 | |a správa verejná |
| 610 | 2 | 0 | |a usporiadanie správne |
| 610 | 2 | 0 | |a usporiadanie územné |
| 610 | 2 | 0 | |a orgány štátne |
| 610 | 2 | 0 | |a správa štátna |
| 610 | 2 | 0 | |a správa miestna |
| 610 | 2 | 0 | |a samospráva |
| 610 | 2 | 0 | |a Slovensko |
| 610 | 2 | 0 | |a decentralizácia |